|
|
|
|
| LEADER |
01397ppm a22003138a 4500 |
| 001 |
00033729 |
| 005 |
20171026081023.0 |
| 008 |
151118s2013 ||||||viesd |
| 041 |
0 |
# |
|a vie
|
| 082 |
1 |
4 |
|a 362.7
|b T310H
|
| 100 |
1 |
# |
|a Kiều, Văn Tu
|
| 245 |
0 |
0 |
|a Tìm hiểu việc thực hiện chính sách an sinh xã hội trẻ em tại tỉnh Đồng Tháp
|b Luận văn thạc sĩ khoa học xã hội. Chuyên ngành: Xã hội học. Mã số: 60.31.30
|c Kiều Văn Tu; Bùi Thế Cường (hướng dẫn)
|
| 260 |
# |
# |
|a Thành Phố Hồ Chí Minh
|b Đại học Khoa học xã hội và nhân văn
|c 2013
|
| 300 |
# |
# |
|a 142 tr+phụ lục
|c 30cm.
|
| 500 |
# |
# |
|a ĐTTS ghi: Bộ giáo dục và đào tạo. Trường Đại học Quốc gia Thành phố Hồ Chí Minh. Trường Đại học Khoa học xã hội và nhân văn
|
| 653 |
# |
# |
|a An sinh xã hội
|
| 653 |
# |
# |
|a Chính sách
|
| 653 |
# |
# |
|a Đồng Tháp
|
| 653 |
# |
# |
|a Trẻ em
|
| 653 |
# |
# |
|a Luận văn
|
| 653 |
# |
# |
|a Khoa học xã hội
|
| 700 |
1 |
# |
|a Bùi, Thế Cường
|e Hướng dẫn
|
| 852 |
# |
# |
|j LV.0000508
|
| 852 |
# |
# |
|b Kho đọc SĐH
|j LV.0000508
|
| 910 |
|
|
|d 18/11/2015
|
| 980 |
# |
# |
|a Trung tâm Học liệu Lê Vũ Hùng, Trường Đại học Đồng Tháp
|